[Event "Turkey IS Bank Super League 2017"]
[Site "Darica-Kocaeli"]
[Date "2017.08.03"]
[Round "8"]
[White "Muzychuk, Anna"]
[Black "Kaplan, Ebru"]
[Result "1-0"]
[WhiteElo "2572"]
[BlackElo "2022"]
[Annotator "TA"]
[PlyCount "71"]
[EventType "team-tourn"]
[EventCountry "TUR"]

{[%evp 13,71,59,76,55,62,39,43,29,106,93,88,60,52,42,34,29,40,37,48,-41,4,-7,0,-62,-19,0,59,-7,110,118,158,141,197,111,100,114,112,111,130,127,260,273,447,410,408,206,602,584,984,977,930,874,854,841,1812,1802,2019,1735,1807,1755]} 1. e4 c5 2. Nc3 e6 3. Nf3 d5 4. exd5 exd5 5. d4 Nf6 6. Bb5+ Nc6 7. O-O Be7 8. dxc5 {C10: French with 3 Nc3: Unusual Black 3rd moves and 3...dxe4} O-O 9. Be3 Bg4 10. h3 {White is slightly better.} Bh5 (10... d4 $1 $11 11. Bxc6 (11. hxg4 dxe3 12. Bxc6 exf2+ 13. Rxf2 bxc6 $15) 11... dxe3) 11. g4 $16 Bg6 12. Bxc6 bxc6 13. Ne5 Qc7 14. f4 $146 ({Find the theoretical novelty and annotate with similar games:} 14. Bf4 Qb7 15. Qd4 Bxc2 {1-0 (24) Wohl,A (2423)-Corriguelas Armillas,F (2022) La Pobla de Lillet 2007}) 14... Rfd8 15. Bd4 $36 {[%mdl 2048] aiming for f5. White has good play.} Ne4 16. Na4 (16. Nxe4 $14 Bxe4 17. g5) 16... f6 17. Nxg6 hxg6 18. b4 (18. Qd3 $11) 18... Rab8 {[%mdl 1024] Black has compensation.} 19. a3 a5 (19... g5 $11) 20. c3 (20. Nb6 $14) 20... Kf7 (20... axb4 $11 {remains equal.} 21. cxb4 g5) 21. Qd3 Rh8 22. Nb6 Rbd8 (22... g5 $16) 23. Kg2 ({White should play} 23. c4 $18) 23... f5 24. Be5 Qb7 25. g5 Rh4 26. Rf3 Rdh8 (26... Qa7 $16) 27. c4 $18 {[%cal Bc3c4,Bc4d5][%mdl 32]} Bxg5 $2 (27... axb4 {keeps fighting.} 28. axb4 d4) 28. cxd5 ({Weaker is} 28. fxg5 Qe7 $16) 28... Bf6 29. Bxf6 (29. d6 $142 Bxe5 30. fxe5) 29... Nxf6 $2 (29... gxf6 30. dxc6 Qxc6) 30. Nc4 {[#] And now Nd6+ would win.White is clearly winning.} Ne4 31. dxc6 Qe7 32. Qd7 Qxd7 33. cxd7 Rb8 34. c6 {[%cal Bc5c6,Bc6c7][%mdl 32]} Nf6 35. Ne5+ Ke6 36. c7 {Precision: White = 50%, Black = 20%.} 1-0

[Event "Turkey IS Bank Super League 2017"]
[Site "Darica-Kocaeli"]
[Date "2017.08.03"]
[Round "8"]
[White "Tukhaev, Adam"]
[Black "Paichadze, Luka"]
[Result "1-0"]
[WhiteElo "2558"]
[BlackElo "2581"]
[Annotator "TA"]
[PlyCount "81"]
[EventType "team-tourn"]
[EventCountry "TUR"]

{[%evp 19,81,12,25,22,25,13,19,1,29,0,0,0,22,35,32,-20,105,95,143,124,144,141,127,45,67,91,172,172,163,175,224,182,262,260,243,263,334,339,492,486,888,888,888,886,879,882,882,874,865,862,831,821,802,513,784,754,5389,5402,1680,1266,1251,1243,1227,1215]} 1. e4 c6 2. d4 d5 3. e5 Bf5 4. Nf3 e6 5. Be2 Nh6 (5... Nd7 6. O-O Bg6 7. a4 a5 8. Nbd2 Nh6 9. Nb3 Nf5 10. g4 Ne7 11. Ne1 h5 12. gxh5 Bh7 13. Ng2 Nf5 14. Bg4 c5 {1-0 (43) Anand,V (2786)-Jobava,B (2707) Leuven 2017}) 6. O-O {B12: Caro-Kann: Advance Variation} Nd7 7. b3 Bg6 8. c4 Nf5 9. Bb2 Be7 10. Nbd2 O-O {LiveBook: 9 Games} 11. a3 f6 12. b4 $146 ({Find the theoretical novelty and annotate with similar games:} 12. exf6 Bxf6 13. Ne5 Nxd4 14. Nxg6 hxg6 15. Bxd4 Bxd4 {½-½ (28) Fruebing,S (2337)-Schwalfenberg,J (2317) Germany 2010}) 12... a5 13. Bc3 a4 14. h3 fxe5 15. dxe5 Qb8 16. Rc1 Qa7 17. c5 ({White should play} 17. cxd5 $14 exd5 18. g4) 17... Rf7 (17... Nxc5 $11 18. bxc5 Bxc5) 18. Nc4 b6 19. Nd6 bxc5 20. bxc5 Rff8 {[#]} 21. Nd4 (21. Bd3 $1 $16) 21... Nxd4 $14 22. Bxd4 {[%cal Bc3d4,Bd4e3,Be3f4][%mdl 32]} Bxd6 (22... Rfb8 $16) 23. cxd6 $18 (23. exd6 e5 $11) 23... c5 {[#]} 24. Bb5 $1 Rf4 ({Wrong is} 24... cxd4 $2 25. Rc7 $18) 25. Be3 Re4 (25... Rff8 $142 26. Bxd7 Qxd7) 26. Bxd7 Qxd7 27. Rxc5 ({Don't do} 27. Bxc5 $6 Rc8) 27... Rxe5 28. Bf4 Re4 (28... Qxd6 {was necessary.} 29. Qc1 Rf8) 29. Rc7 {White is clearly winning.} Qb5 {[#]} (29... Qd8 $142) 30. Be5 $1 {[%mdl 512]} Rxe5 31. Qd4 Qe2 32. d7 Rf8 33. Rc8 {White threatens Rxf8+ and mate.} Ref5 34. d8=Q Rxd8 35. Rxd8+ Rf8 36. Rxf8+ Kxf8 37. Rc1 {Rc7 would kill now.} Qb5 38. Rc7 Bf7 39. Qf4 {[%csl Gc7][%cal Rf4f7]} Qe8 40. Qd6+ Kg8 41. Rb7 {Precision: White = 69%, Black = 35%.} 1-0

[Event "Turkey IS Bank Super League 2017"]
[Site "Darica-Kocaeli"]
[Date "2017.08.03"]
[Round "8"]
[White "Dastan, Muhammed Batuhan"]
[Black "Gundogan, Cem"]
[Result "1-0"]
[WhiteElo "2529"]
[BlackElo "2062"]
[Annotator "TA"]
[PlyCount "65"]
[EventType "team-tourn"]
[EventCountry "TUR"]

{[%evp 11,65,16,35,26,31,33,31,41,37,26,115,117,116,102,133,78,175,184,176,45,45,53,262,274,273,281,276,276,276,276,282,260,277,277,285,291,281,285,285,285,294,278,633,639,637,631,937,929,887,814,1080,1070,29980,12840,29979,12843]} 1. e4 e5 2. Nf3 Nc6 3. Bc4 Nf6 4. d3 Bc5 5. c3 d6 6. Bb3 Be6 {LiveBook: 12 Games. C54: Giuoco Piano: 4 c3 Nf6, main lines with 5 d4 and 5 d3} (6... a6 7. Nbd2 O-O 8. O-O Re8 9. Re1 Be6 10. h3 h6 11. Nc4 Ba7 12. Be3 b5 13. Ncd2 Bxe3 14. Rxe3 d5 15. Re1 dxe4 16. dxe4 {0-1 (70) Ivanchuk,V (2710)-Dominguez Perez,L (2732) Huaian 2016}) 7. Ng5 Qd7 8. Nxe6 fxe6 {White is slightly better.} 9. Nd2 $146 ({Predecessor:} 9. O-O O-O-O 10. Bc2 d5 11. Qe2 Qf7 12. Nd2 Nh5 13. g3 Qg6 14. Kh1 {1-0 (29) Farkas,T (2246)-Ujhazi,M (2137) Senta 2010}) 9... Qf7 10. Qe2 Ke7 {[#]} (10... O-O $11) 11. f4 $1 $16 {[%cal Bf2f4,Bf4g5][%mdl 544]} Qh5 (11... exf4 12. Nf3) 12. Nf3 h6 13. g3 (13. fxe5 $142 dxe5 14. Be3) 13... g5 (13... a5 $16 {was necessary.}) 14. fxg5 $18 Ng4 15. Nh4 ({White should play} 15. Rf1 $18) 15... Bf2+ $14 16. Kd1 {[#] h3 is the strong threat.} Bxg3 $2 (16... Bc5 $14) 17. hxg3 $18 {aiming for Nf5+.} Nf2+ 18. Ke1 Qxe2+ 19. Kxe2 Nxh1 20. Ng6+ Kd7 {Threatens to win with ...Rhg8.} 21. Nxh8 Rxh8 22. Kf3 ({But not} 22. gxh6 $6 Rf8 $16) 22... Rf8+ 23. Kg2 Nf2 24. gxh6 Nxd3 25. Be3 a5 26. a4 Nf4+ $2 (26... Nc5) 27. gxf4 exf4 28. Bd4 Rg8+ 29. Kf2 Nxd4 30. cxd4 Rg3 31. Rh1 Rxb3 32. h7 Rxb2+ 33. Kf3 {Precision: White = 71%, Black = 31%.} 1-0

[Event "Turkey IS Bank Super League 2017"]
[Site "Darica-Kocaeli"]
[Date "2017.08.03"]
[Round "8"]
[White "Benidze, Davit"]
[Black "Selbes, Tarik"]
[Result "1-0"]
[WhiteElo "2515"]
[BlackElo "2260"]
[Annotator "TA"]
[PlyCount "63"]
[EventType "team-tourn"]
[EventCountry "TUR"]

{[%evp 9,63,22,36,35,21,-20,-12,-18,36,-34,-39,-54,95,97,106,91,160,125,146,143,131,47,41,0,0,0,0,0,-14,-14,0,0,0,0,0,0,84,85,74,82,75,77,87,-14,1367,1360,1334,1253,1347,1325,29985,29986,29990,29991,29991,29992]} 1. d4 Nf6 2. Nc3 g6 3. h4 h5 $146 ({Predecessor:} 3... c5 4. Nf3 cxd4 5. Nxd4 Nc6 6. Bg5 Bg7 7. e3 h6 8. Bxf6 Bxf6 9. h5 Nxd4 10. exd4 Qb6 11. hxg6 fxg6 {1-0 (40) Adly,A (2607)-Shoker,S (2489) Kampala 2016}) 4. Bg5 Bg7 5. e4 {[%cal Be2e4,Be4e5][%mdl 32]} d5 6. e5 {A45: Trompowsky Attack} Ne4 7. Nge2 c5 8. dxc5 {The position is equal.} Qa5 ({Better is} 8... Nxc3 $11 9. Nxc3 Be6) 9. Be3 (9. Qxd5 $14 Nxg5 10. hxg5) 9... Nc6 $15 10. f4 Bg4 (10... O-O $15 {stays ahead.}) 11. Qxd5 $16 Nxc3 12. Nxc3 Nb4 (12... Rd8 $142 13. Qc4 O-O) 13. Qd2 ({Much worse is} 13. Qxb7 $6 O-O $11) 13... Rd8 14. Bb5+ Kf8 {[#]} 15. Bd3 ({White should try} 15. Qf2 $1 $16) 15... Bf5 $14 {[%cal Rf5d3]} 16. Rd1 (16. Qe2 $14 Bg4 17. Qf1) 16... Bxd3 $1 $11 ({Reject} 16... Nxd3+ 17. cxd3 Rxd3 18. Qe2 $16) 17. cxd3 Rxd3 18. Qxd3 Nxd3+ 19. Rxd3 f6 20. O-O Kf7 (20... Qa6 $5 {[%cal Ra6d3]} 21. Rd7 Qc6 $15) 21. Rd7 Rd8 22. b4 Qa3 (22... Qxb4 $11 23. Rxd8 (23. Nd5 Qa5 $17) 23... Qxc3) 23. Rxd8 $16 Qxc3 24. Bd2 Qc4 25. Rc1 Qxa2 26. b5 (26. Re1 $16 fxe5 27. fxe5) 26... fxe5 $2 {[%mdl 8192] [#]} (26... Qb2 $11) 27. c6 $18 bxc6 28. bxc6 Qb2 29. c7 exf4 30. c8=Q {White mates.} Bd4+ 31. Kh1 Qxd2 32. Qc4+ {Precision: White = 48%, Black = 32%.} 1-0

[Event "Turkey IS Bank Super League 2017"]
[Site "Darica-Kocaeli"]
[Date "2017.08.03"]
[Round "8"]
[White "Haznedaroglu, Kivanc"]
[Black "Erdogdu, Mert"]
[Result "1/2-1/2"]
[WhiteElo "2471"]
[BlackElo "2445"]
[Annotator "TA"]
[PlyCount "101"]
[EventType "team-tourn"]
[EventCountry "TUR"]

{[%evp 17,101,36,52,48,46,26,26,24,35,29,37,35,41,43,64,70,74,42,32,41,33,34,58,16,37,0,16,-14,-20,-27,-23,-69,-71,-56,-27,-138,-48,-18,-2,-19,0,-87,0,0,0,0,22,0,0,0,0,0,0,0,0,0,0,0,8,6,39,0,13,11,14,17,12,12,15,13,16,8,8,0,0,0,0,0,0,0,8,8,8,8,8,8]} 1. d4 Nf6 2. c4 g6 3. Nf3 Bg7 4. g3 O-O 5. Bg2 d6 6. O-O Nc6 7. Nc3 a6 8. b3 Rb8 9. Nd5 e6 10. Nxf6+ {E63: King's Indian: Fianchetto: Panno Variation with 7...a6} Qxf6 11. Bg5 (11. Bb2 Qe7 12. Qd2 e5 13. d5 Nd8 14. Rac1 f5 15. b4 Nf7 16. c5 Bd7 17. Qc2 Rbc8 {0-1 (34) Bachmann,A (2636)-Perez Ponsa,F (2533) Montevideo 2015}) 11... Qf5 {Threatening ...Nxd4!} 12. Be3 {White has an edge.} e5 13. d5 Ne7 {[#]} 14. Rc1 $146 ({Predecessor:} 14. Ng5 Qd7 15. Bh3 Qd8 16. Bxc8 Rxc8 17. Ne4 h6 {0-1 (50) Grigoriants,S (2515)-Inarkiev,E (2469) Kazan 2001}) 14... Qh5 15. c5 Bh3 16. cxd6 cxd6 17. Bxh3 (17. Ng5 $5 {[%cal Rg5h3]} Bxg2 18. Kxg2 $14) 17... Qxh3 18. Rc7 Nf5 19. Ng5 Qg4 20. h3 Qb4 $1 21. Qd2 Qb5 $1 22. Ne4 Nd4 23. Bxd4 exd4 24. Nxd6 Qxd5 25. Nc4 {[%cal Bd6c4,Bc4e3,Be3d5,Bd5e7][%mdl 32]} Rfe8 26. Kh2 {[#]} (26. Re1 $11) 26... Re4 (26... Qd8 $1 $17 {[%cal Rd8c7]} 27. Qf4 f5) 27. Qd3 $15 Rbe8 {Threatens to win with ...b5.} 28. Qf3 {Strongly threatening Nd6!} f5 29. e3 {[#]} (29. Kg1 $11 {remains equal.}) 29... dxe3 (29... Be5 $1 $17 {[%cal Re5c7]} 30. Nxe5 Qxe5) 30. Nxe3 $11 Qa5 (30... Qe5 $5 {[%cal Re5c7]} 31. Rxb7 Qc3 $11) 31. Rxb7 {Rd1 is the strong threat.} Qxa2 {White must now prevent ...Rxe3.} 32. Nd5 Qe2 33. Qxe2 Rxe2 34. Kg2 Rd2 35. Ne7+ Kf8 36. Nc6 Ree2 37. g4 Bf6 (37... Rd6 $5 {[%cal Rd6c6]} 38. Rb6 Rc2 39. Rb8+ Kf7 40. Rb7+ Kg8 41. Rb8+ Bf8 $11) 38. gxf5 Bh4 {[%cal Re2f2]} 39. fxg6 Rxf2+ {The position is equal.} 40. Rxf2+ Rxf2+ $14 {[%mdl 4096] Endgame KRB-KRN} 41. Kg1 hxg6 42. Ne5 Bg3 43. Nxg6+ Kg8 $1 44. h4 (44. Ne5 $5) 44... Rf7 45. Rb4 Bd6 46. Ra4 Rf3 47. h5 Rxb3 48. Rxa6 Rb6 49. Rxb6 Bc5+ 50. Kg2 {Rb7 would kill now.} (50. Kf1 $5 {[%cal Rb6b7]} Bxb6 51. Ke2 $11) 50... Bxb6 51. Kf3 {Precision: White = 58%, Black = 56%.} 1/2-1/2

[Event "Turkey IS Bank Super League 2017"]
[Site "Darica-Kocaeli"]
[Date "2017.08.03"]
[Round "8"]
[White "Ushenina, Anna"]
[Black "Batsiashvili, Nino"]
[Result "1/2-1/2"]
[WhiteElo "2458"]
[BlackElo "2475"]
[Annotator "TA"]
[PlyCount "53"]
[EventType "team-tourn"]
[EventCountry "TUR"]

{[%evp 35,53,0,0,0,0,0,0,0,0,0,0,0,0,0,0,0,0,0,0,0]} 1. d4 d5 2. c4 e6 3. Nc3 Bb4 4. Nf3 Nf6 5. Bg5 dxc4 6. e4 c5 7. Bxc4 cxd4 8. Nxd4 Qa5 9. Bxf6 Bxc3+ 10. bxc3 Qxc3+ 11. Kf1 gxf6 12. Rc1 Qa5 13. Bb5+ Ke7 14. e5 {D39: Queen's Gambit Declined: Ragozin Defence with 5 Bg5 dxc4} fxe5 15. Qh5 Nd7 16. Qg5+ Kf8 17. Rxc8+ Rxc8 18. Bxd7 Qd8 $1 {[%cal Rd8g5] LiveBook: 40 Games. The position is equal.} 19. Nxe6+ fxe6 20. Qh6+ Ke7 21. Qxe6+ Kf8 {[#]} 22. Qh6+ $146 ({Predecessor:} 22. Qf5+) 22... Ke7 23. Qe6+ Kf8 {[#] Hoping for ...Rc1+.} 24. Qh6+ Ke7 25. Qe6+ Kf8 {White must now prevent ...Rc1+.} 26. Qh6+ (26. g3 $5 {[%cal Rd7c8]} Rc7 27. Qxe5 $11) 26... Ke7 27. Qe6+ 1/2-1/2

[Event "Turkey IS Bank Super League 2017"]
[Site "Darica-Kocaeli"]
[Date "2017.08.03"]
[Round "8"]
[White "Kanmazalp, Ogulcan"]
[Black "Solak, Dragan"]
[Result "1/2-1/2"]
[WhiteElo "2445"]
[BlackElo "2624"]
[Annotator "TA"]
[PlyCount "67"]
[EventType "team-tourn"]
[EventCountry "TUR"]

{[%evp 26,67,0,0,35,35,35,35,41,36,43,38,43,14,21,14,18,17,19,13,31,27,35,33,43,43,36,35,29,33,41,45,54,54,56,63,73,66,87,87,86,80,85,78]} 1. e4 c6 2. d4 d5 3. Nc3 dxe4 4. Nxe4 Bf5 5. Ng3 Bg6 6. h4 h6 7. Nf3 Nd7 8. h5 Bh7 9. Bd3 Bxd3 10. Qxd3 e6 11. Bd2 Ngf6 12. O-O-O Be7 13. Kb1 O-O 14. Ne4 Nxe4 {B19: Classical Caro-Kann: 4...Bf5 main line} 15. Qxe4 Nf6 16. Qe2 Qd5 {White is slightly better.} 17. Ne5 (17. Be3 b5 18. Nd2 Qf5 19. f3 b4 20. Bf2 Qb5 21. Qxb5 cxb5 22. Ne4 {½-½ (41) Kanmazalp,O (2468)-Solak,D (2622) Kocaeli 2015}) 17... Qe4 ({Not} 17... Qxg2 $2 {[#]} 18. Bxh6 $1 {[%mdl 512]} Qe4 19. Qxe4 $16) 18. Qxe4 Nxe4 19. Be1 (19. Be3 Rfd8 20. g4 c5 21. f3 cxd4 22. Bxd4 {½-½ (30) Lenic,L (2640)-Ragger,M (2700) Austria 2017}) 19... Rfd8 20. f3 Nf6 21. Bf2 Bd6 {[#]} 22. g4 $146 ({Predecessor:} 22. Nd3) 22... Kf8 23. c4 Rac8 24. Rhe1 Ke8 25. Kc2 b5 26. b3 {[%cal Bb2b3,Bb3c4][%mdl 32]} a6 27. Nd3 Kf8 28. a4 Ke8 29. Ra1 Ra8 30. Ra2 bxc4 31. bxc4 Rab8 32. Raa1 {White is better.} Nd7 33. Rab1 Rdc8 34. Rxb8 {Precision: White = 83%, Black = 74%.} 1/2-1/2

[Event "Turkey IS Bank Super League 2017"]
[Site "Darica-Kocaeli"]
[Date "2017.08.03"]
[Round "8"]
[White "Daulyte, Deimante"]
[Black "Yildiz, Betul Cemre"]
[Result "1-0"]
[WhiteElo "2419"]
[BlackElo "2326"]
[Annotator "TA"]
[PlyCount "71"]
[EventType "team-tourn"]
[EventCountry "TUR"]

{[%evp 11,71,10,4,0,0,0,0,6,0,-2,9,-4,14,14,14,14,11,21,36,0,65,20,64,39,69,0,0,0,0,0,0,0,0,0,0,0,41,37,31,26,34,34,41,35,13,0,221,213,200,210,208,202,29988,29989,29989,29990,29990,29990,29990,29991,29990,29990]} 1. e4 e5 2. Nf3 Nc6 3. Nc3 Nf6 4. Bb5 Bd6 5. d3 O-O (5... h6 6. a3 a6 7. Bc4 Bc5 8. b4 Ba7 9. h3 d6 10. Ne2 Be6 11. Bxe6 fxe6 12. Ng3 O-O 13. c3 Qe8 14. O-O Nh5 15. Nxh5 Qxh5 {½-½ (24) Svidler,P (2741)-Yu,Y (2750) Shenzhen 2017}) 6. a3 {C48: Four Knights: 4 Bb5, replies other than 4...Bb4} Nd4 {LiveBook: 5 Games} 7. Nxd4 exd4 8. Ne2 {The position is equal.} c6 9. Bc4 Be5 $146 ({Find the theoretical novelty and annotate with similar games:} 9... Bc7 10. Bg5 Re8 11. Qd2 Qe7 12. Ba2 d5 13. f3 {½-½ (20) Potapov,P (2493)-Abdumalik,Z (2430) Moscow 2017}) 10. Bg5 h6 (10... d5 {is more complex.} 11. exd5 cxd5 12. Bb3 Re8 13. Qd2 h6) 11. Bh4 (11. Bxf6 $5 Bxf6 12. Bb3 $11) 11... Qc7 12. Bxf6 Bxf6 13. O-O d6 14. Ng3 Be6 {[%cal Bc8e6,Be6c4,Bc4f1][%mdl 32]} 15. Bb3 c5 ({Black should try} 15... Bxb3 $11 16. cxb3 g6) 16. f4 c4 17. dxc4 Bxc4 18. Nh5 (18. Bxc4 $14 Qxc4 19. Nf5) 18... Bxf1 $11 19. Nxf6+ gxf6 20. Qg4+ Kh7 21. Qf5+ Kg7 {[#] White must now prevent ...Be2.} 22. Qg4+ Kh8 23. Rxf1 {[%cal Ba1f1,Bf1f3,Bf3g3][%mdl 32] Hoping for Rf3.} Rg8 (23... Qc5 $5 {[%cal Rd4d3]}) 24. Qh4 {[%cal Rh4h6]} Rg6 25. f5 Rg7 26. Qxh6+ Kg8 27. Rf3 {[%mdl 1024] Rh3 is the strong threat. White has compensation.} Qa5 $1 {[%cal Ra5e1]} 28. Kf1 {And now Rh3 would win.} (28. c3 $5 {[%cal Rf3h3]} Qb6 29. Rh3 $14) 28... Qb5+ $2 {[#]} (28... Re8 $1 $11 {and Black has nothing to worry.} 29. Rg3 (29. Rh3 Qb5+ 30. Kg1 Rxg2+ 31. Kxg2 Qe2+ 32. Kg3 Qe1+ 33. Kg2 Qe2+ 34. Kg3 Qe1+ 35. Kg2 Qe2+ $11) 29... Rxg3 30. hxg3 Re7) 29. Kf2 $1 $18 Re8 30. a4 ({Stronger than} 30. Rh3 Rxg2+ 31. Kxg2 Qe2+ 32. Kg3 Qe1+ 33. Kg2 Qe2+ 34. Kg1 (34. Kg3 Qe1+ 35. Kg2 Qe2+ $11) 34... Qe1+ 35. Kg2 Qe2+ $11) 30... Qa6 31. Qxf6 $40 {[%mdl 128] Intending Rg3 and mate. White attacks with force.} Qb6 $2 ({And not} 31... Rxe4 32. Qd8+ Re8 33. Qxe8+ Kh7 34. Rh3#) (31... Qa5 $18 32. Qxd4 Qc5 33. Qxc5 dxc5) 32. Rg3 {[%csl Gg3][%cal Rf6g7] White mates.} d3+ 33. Kf1 {[%csl Gg3][%cal Rf6g7]} Rxg3 34. Qxf7+ ({Not} 34. hxg3 d5 $16) 34... Kh8 35. Qxe8+ Kh7 36. hxg3 {Precision: White = 63%, Black = 51%.} 1-0

[Event "Turkey IS Bank Super League 2017"]
[Site "Darica-Kocaeli"]
[Date "2017.08.03"]
[Round "8"]
[White "Ozer, Omer Faruk"]
[Black "Bozbey, Ali"]
[Result "1-0"]
[WhiteElo "2411"]
[BlackElo "2139"]
[Annotator "TA"]
[PlyCount "71"]
[EventType "team-tourn"]
[EventCountry "TUR"]

{[%evp 16,71,78,46,48,28,36,36,47,52,55,24,33,27,34,35,41,30,56,21,65,23,87,13,35,0,0,-19,-8,-8,-29,-40,-28,-28,22,15,17,16,47,43,79,79,120,105,131,126,136,0,229,232,222,223,191,140,352,375,2236,2147]} 1. e4 g6 2. d4 Bg7 3. Nc3 d6 4. Nf3 Nf6 5. Be3 c6 6. h3 Qa5 7. Bd3 {B08: Pirc Defence: Classical System} Nbd7 8. Qd2 (8. O-O O-O 9. Nd2 e5 10. Nc4 Qc7 11. a4 Ng4 12. hxg4 exd4 13. Bf4 dxc3 14. Bxd6 cxb2 {½-½ (30) Leko,P (2741)-Svidler,P (2738) Moscow 2008}) 8... b5 9. O-O {LiveBook: 3 Games. White is better.} Qc7 10. a4 b4 11. Ne2 a5 $146 ({Find the theoretical novelty and annotate with similar games:} 11... c5 12. e5 dxe5 13. dxe5 Nxe5 14. Nxe5 Qxe5 {½-½ (29) Sievers,S (2320)-Schoeneich,M Germany 1993}) 12. c3 bxc3 13. bxc3 O-O 14. Ng3 Ba6 15. Bxa6 Rxa6 16. Bh6 Re8 17. Rfe1 {[#] Strongly threatening e5.} e5 18. Rad1 (18. Nf5 $5 Bf8 19. Qg5 $16) 18... Bh8 (18... Bxh6 $11 {remains equal.} 19. Qxh6 c5) 19. Ng5 (19. dxe5 $16 Nxe5 20. Nf5 (20. Qxd6 Nxf3+ 21. gxf3 Qxd6 $14)) 19... c5 20. Qe2 (20. Nf3 {is interesting.} Qb7 21. dxe5 Nxe5 22. Nxe5 dxe5 23. Qd3) 20... c4 21. Nf1 {[%cal Bg3f1,Bf1e3,Be3d5][%mdl 32]} Bg7 22. Bxg7 Kxg7 23. Ne3 h6 24. Nf3 exd4 25. Rxd4 Rc6 26. Qc2 Ne5 27. Nd2 $36 {[%mdl 2048] White is more active.} Nh5 28. Nd5 Qd8 29. Rf1 Qh4 30. f4 Nd3 {[%cal Rd3f4]} 31. Rxc4 (31. Nxc4 $16 Ndxf4 32. Nxf4 (32. Nxa5 Rc5 $11) 32... Nxf4 33. Qd2 (33. Nxa5 $2 Rxc3 34. Rxf4 Qe1+ 35. Rf1 Qxf1+ 36. Kxf1 Rxc2 $19) 33... Nxh3+ 34. gxh3) 31... Ne1 $2 (31... Qg3 $11 32. Rxc6 Ne1 33. Rxe1 Qxe1+ 34. Kh2 (34. Nf1 Ng3 $17) 34... Qg3+ 35. Kh1 (35. Kg1 Qe1+ 36. Kh2 Qg3+ 37. Kg1 Qe1+ $11) 35... Qe1+ 36. Kh2 Qg3+ 37. Kh1 (37. Kg1 Qe1+ 38. Kh2 $11) 37... Qe1+ 38. Kh2) 32. Qd1 $18 Rxc4 33. Nxc4 {[%cal Bd2c4,Bc4d6,Bd6f5][%mdl 32]} Nxg2 34. Qg4 ({Stronger than} 34. Kxg2 Qg3+ 35. Kh1 Qxh3+ 36. Kg1 Qg3+ 37. Kh1 Qh3+ 38. Kg1 Qg3+ 39. Kh1 Qh3+ $11) ({And not} 34. Nxd6 Rd8 $11) ({Better is} 34. Qf3 $18 Ne1 35. Qg4 Qxg4+ 36. hxg4 Rxe4 37. Nxd6 (37. gxh5 Rxc4 38. Rxe1 gxh5 $16) 37... Rxa4 38. gxh5 (38. Rxe1 Nxf4 39. Nb6 Nd3 $16)) 34... Rxe4 $2 (34... Ng3 $16) 35. Nxd6 {[#] Nf5+ is the strong threat.} ({Weaker is} 35. Kxg2 Qxg4+ 36. hxg4 Rxc4 $16) 35... Re6 $2 (35... Qxg4 36. hxg4 Re6) 36. Nf5+ {Precision: White = 60%, Black = 33%.} 1-0